27 wichtige Bodenschätze & Mineralien der Erde - Statistiken

Allgemein
  • Dieses Quiz wurde 157 mal gespielt
  • Das Durchschnittsergebnis liegt bei 12 aus 27
Antwortstatistiken
Farbe Bodenschatz/
Mineral
Verwendung u.a. % Korrekt
silberweiß Eisen - Stahlbau- Dosen, Behälter, Eimer - Rohrleitungen
96%
schwarz Erdöl - Brenn, - & Treibstoff- Herstellung von Kunststoff, Lack, Farben & Medikamente
94%
gold Gold - Schmuck- Wertanlage
78%
schwarz, braun Kohle - Wärmegewinnung- Heizen & Kochen (Briketts)
78%
rot, gelb Arsen - Zusatzstoff in Arzneimitteln- Bestandteil in Halbleitern
69%
silberweiß Lithium - wiederaufl. Batterien in Laptops, Smartphones, E-Bikes u.a.
- Forschung & Medizin
69%
schwarz, braun Zinn - Stahl, - & Eisenüberzug- Lötmetall & Legierung
64%
silberweiß, flüssig Quecksilber - Thermometer, Barometer- elektr. Leitungen - Zahnfüllung
60%
bläulich, blassgrau Zink - Korrosionsschutz für Eisen & Stahl- Legierung
58%
braun Aluminium - Legierung (Auto, Flugzeug)- elektr. Leitungen
57%
gelb, schwarz, grün Kupfer - Elektrokabel- Legierungen
54%
grauweiß, metallisch Platin - Katalysator- Laborgeräte
- Zahnimplantate
46%
farblos Erdgas - Strom, - & Wärmeproduktion- Treibstoff
44%
schwarz Blei - Kabelhüllen- Akku's - Farbstoffe - Munition - Lötmetall
43%
silbermetallisch Nickel - Beschichtung für Batterien, Münzen, Sanitär, Edelstahl, E-Gitarrensaiten
41%
schwarz, braun Uran - Energiegewinnung
38%
gelb Schwefel - Batterien- Farbstoffe - Insektizide & Kunstdünger
35%
orange - rot,hellbraun Kali - Düngemittel
31%
schwarzsilber,stahlgrau Cobalt - Legierung- Batterien / Akku's
30%
silberweiß Chrom - Verschleißschutz
27%
grau-schwarz, bronze Silizium - Halbleiter, Sensoren- Solarzellen - Mikromechanik
27%
farblos, glasglänzend Quarz - Porzellan & Keramik- Uhren, Computer, Bildschirme
15%
variabel Beryll - Schmucksteine- Leichtmetall Herstellung für Raumfahrt & Flugzeug
8%
ocker, braun Bauxit/Aluminiumerz - Schleifmittel- Herstellung von Aluminium
7%
rot, rotbraun Zinnober - Quecksilber Gewinnung
2%
farblos, gräulich Fluorit/Flussspat - Metallindustrie- Herstellung von Kryolith - Milchglas, Mattglas, Linsen
1%
schwarz Chalkosin/Kupferglas - Gewinnung von Kupfer
0%
Keine übereinstimmenden Quizze gefunden
Verteilung der Resultate
Anzahl Personen mit jedem Resultat
Perzentil nach korrekt beantworteten Fragen
Ihre Resultats-Entwicklung
Sie haben dieses Quiz noch nicht gespielt